000 00391pab a2200157 454500
008 180718b2000 xxu||||| |||| 00| 0 eng d
100 _aPattanaik, Prabir Kumar
245 _aA blue print for effective management of natural disaster
260 _c2000
300 _ap.19-25
362 _aJul
650 _aDisasters - India
650 _aDisasters
773 _aYojana
909 _a45236
999 _c45236
_d45236